Effect of the anisotropy of monocrystalline silicon mechanical properties on the dynamic characteristics of a micromechanical gyroscope; IOP Conference Series: Materials Science and Engineering; Vol. 81 : Radiation-Thermal Effects and Processes in Inorganic Materials

Bibliografiska uppgifter
Parent link:IOP Conference Series: Materials Science and Engineering
Vol. 81 : Radiation-Thermal Effects and Processes in Inorganic Materials.— 2015.— [012096, 8 p.]
Institutionell upphovsman: Национальный исследовательский Томский политехнический университет
Övriga upphovsmän: Nesterenko T. G. Tamara Georgievna, Vtorushin S. E., Барбин Е. С. Евгений Сергеевич, Koleda A. N. Aleksey Nikolaevich
Sammanfattning:Title screen
The aim of the research was to determine the effect of temperature on mechanical properties of a micromechanical gyroscope with the sensing element mounted on a silicon wafer, with the crystallographic orientation of (100) (110) (111). The research is of current relevancy since the metrological characteristics that depend on the eigenfrequencies over the full temperature range are to be controlled. The temperature-modal analysis of the micromechanical gyroscope model was performed with ANSYS program. The temperature dependence for eigenfrequencies was obtained. The dependence of the scale factor on temperature for the most temperature-independent variant of sensor positioning on the wafer was determined. The developed mathematical model was used to find the forms of the output oscillations of the gyroscope.
Режим доступа: по договору с организацией-держателем ресурса
Språk:engelska
Publicerad: 2015
Ämnen:
Länkar:http://dx.doi.org/10.1088/1757-899X/81/1/012096
http://earchive.tpu.ru/handle/11683/14740
Materialtyp: MixedMaterials Elektronisk Bokavsnitt
KOHA link:https://koha.lib.tpu.ru/cgi-bin/koha/opac-detail.pl?biblionumber=643027

MARC

LEADER 00000nla2a2200000 4500
001 643027
005 20260213140819.0
035 |a (RuTPU)RU\TPU\network\8015 
035 |a RU\TPU\network\8013 
090 |a 643027 
100 |a 20150827a2015 k y0engy50 ba 
101 0 |a eng 
102 |a GB 
105 |a y z 100zy 
135 |a drgn ---uucaa 
181 0 |a i  
182 0 |a b 
200 1 |a Effect of the anisotropy of monocrystalline silicon mechanical properties on the dynamic characteristics of a micromechanical gyroscope  |f T. G. Nesterenko [et al.] 
203 |a Text  |c electronic 
300 |a Title screen 
320 |a [References: 9 tit.] 
330 |a The aim of the research was to determine the effect of temperature on mechanical properties of a micromechanical gyroscope with the sensing element mounted on a silicon wafer, with the crystallographic orientation of (100) (110) (111). The research is of current relevancy since the metrological characteristics that depend on the eigenfrequencies over the full temperature range are to be controlled. The temperature-modal analysis of the micromechanical gyroscope model was performed with ANSYS program. The temperature dependence for eigenfrequencies was obtained. The dependence of the scale factor on temperature for the most temperature-independent variant of sensor positioning on the wafer was determined. The developed mathematical model was used to find the forms of the output oscillations of the gyroscope. 
333 |a Режим доступа: по договору с организацией-держателем ресурса 
337 |a Adobe Reader 
461 1 |0 (RuTPU)RU\TPU\network\2008  |t IOP Conference Series: Materials Science and Engineering 
463 1 |0 (RuTPU)RU\TPU\network\7891  |t Vol. 81 : Radiation-Thermal Effects and Processes in Inorganic Materials  |o International Scientific Conference, 3-8 November 2014, Tomsk, Russia  |o [proceedings]  |v [012096, 8 p.]  |d 2015 
610 1 |a электронный ресурс 
610 1 |a труды учёных ТПУ 
610 1 |a анизотропия 
610 1 |a монокристаллический кремний 
610 1 |a динамические характеристики 
610 1 |a гироскопы 
701 1 |a Nesterenko  |b T. G.  |c specialist in the field of mechanical engineering  |c Associate Professor of Tomsk Polytechnic University, Candidate of technical sciences  |f 1946-  |g Tamara Georgievna  |3 (RuTPU)RU\TPU\pers\30970  |9 15208 
701 1 |a Vtorushin  |b S. E. 
701 1 |a Барбин  |b Е. С.  |c специалист в области точного приборостроения  |c инженер Томского политехнического университета  |f 1988-  |g Евгений Сергеевич  |3 (RuTPU)RU\TPU\pers\29889 
701 1 |a Koleda  |b A. N.  |c Specialist in the field of instrument making  |c Engineer of Tomsk Polytechnic University  |f 1985-  |g Aleksey Nikolaevich  |3 (RuTPU)RU\TPU\pers\33286  |9 17031 
712 0 2 |a Национальный исследовательский Томский политехнический университет  |c (2009- )  |9 26305 
801 2 |a RU  |b 63413507  |c 20161212  |g RCR 
856 4 |u http://dx.doi.org/10.1088/1757-899X/81/1/012096 
856 4 |u http://earchive.tpu.ru/handle/11683/14740 
942 |c CF